| 000 | 005080000a22001930004500 | ||
|---|---|---|---|
| 001 | 003343 | ||
| 003 | MACL | ||
| 005 | 20150715141722.0 | ||
| 008 | 150715b xxu||||| |||| 00| 0 eng d | ||
| 040 |
_aMACL _cMACL |
||
| 041 | _aEnglish | ||
| 082 | _a324.2/GAR | ||
| 100 |
_aGarg, Nurussaba _92200 |
||
| 245 |
_aAll India Muslim League _bA Political History _cNurussaba Garg |
||
| 260 |
_aLucknow _c2004 _bLibrary Helpage Society, |
||
| 350 | _a500 | ||
| 650 |
_aPolitical Science _988 |
||
| 942 |
_k324 _cBK _2ddc |
||
| 999 |
_c15246 _d15246 |
||